| 000 | 00422nam a2200157 a 4500 | ||
|---|---|---|---|
| 001 | 1071 | ||
| 003 | CDMR | ||
| 005 | 20130116135200.0 | ||
| 008 | 130130s1991||||||||||||||||||||||||||||d | ||
| 040 |
_aCDMR _bcat _cCDMR |
||
| 100 | 1 |
_aGarcía Llovet, Enrique _9841 |
|
| 245 | 1 | 3 |
_aEl régimen jurídico de la radiodifusión _cEnrique Garcia Llovet |
| 260 |
_aMadrid _c1991 _bMarcial Pons |
||
| 300 |
_a401 p ; _c23 cm |
||
| 942 | _cMON | ||
| 999 |
_c1071 _d1071 |
||